000 00369 a2200169 4500
001 191653
020 _a978-85-66653-45-8
040 _cMagnum
100 _aVieira, Rafaella
240 1 0 _aSkate: na pista do amor
_lpor
245 1 0 _aSkate: na pista do amor
300 _a180
362 0 _a2014
440 1 _aBaobá
697 _aLITERATURA JUVENIL
942 _cBK
999 _c191653
_d191653